000
00306nam a2200133Ia 4500
005
20251222155153.0
008
251222s9999||||xx |||||||||||||| ||spa||
082
_a
ESC. 58
100
_a
O.P.S.
245
0
_a
Prevención de Accidentes y Lesiones
250
_a
1ra. ed.
264
_b
OPS/OMS
942
_c
LIB
999
_c
39631
_d
39631